Holiday Quiz

Random Holiday or Cartoons Quiz
Score 0/9 Timer 04:00
15 Plays Today
% Correct
Christmas (A Charlie Brown Christmas)
99.7%
Halloween (It's the Great Pumpkin, Charlie Brown)
97%
Valentine's Day (Be My Valentine, Charlie Brown)
92.7%
Easter (It's the Easter Beagle, Charlie Brown)
88%
Birthday (It Was My Best Birthday Ever, Charlie Brown)
85.2%
Thanksgiving (A Charlie Brown Thanksgiving)
81.7%
Super Bowl Sunday (You're In the Super Bowl, Charlie Brown)
75%
Arbor Day (It's Arbor Day, Charlie Brown)
67.9%
New Year's Eve (Happy New Year, Charlie Brown!)
51.9%
Remove Ads.
Support Sporcle.
Get the best of Sporcle when you Go Orange. This ad-free experience offers more features, more stats, and more fun while also helping to support Sporcle. Thank you for becoming a member.

You're not logged in!

Compare scores with friends on all Sporcle quizzes.
OR
Log In

Show Comments

Extras

Top Quizzes Today


Score Distribution

Your Account Isn't Verified!

In order to create a playlist on Sporcle, you need to verify the email address you used during registration. Go to your Sporcle Settings to finish the process.

Report this User

Report this user for behavior that violates our Community Guidelines.

Details: